000 00573nam a2200181Ia 4500
008 090124s9999 xx 000 0 und d
082 _b18193
100 _aहसमनीस द. का.
245 _a छंद प्रीतीचा
250 _a1
260 _b"मनमोहीनी प्रकाशन,पुणे"
_c1975
300 _a118
600 _aहसमनीस द. का.
630 _a छंद प्रीतीचा
700 _aहसमनीस द. का.
730 _a छंद प्रीतीचा
942 _cBOOK
999 _c89317
_d89317